La consommation de légumes en Europe - Statistiques

Statistiques générales
  • Ce quiz a été pris 161 fois
  • Le résultat moyen est 29 sur 38
Statistiques - réponses
Kilos/An Pays % Correct
99 France
99%
125 Espagne
96%
125 Italie
95%
103 Russie
91%
77 Royaume-Uni
89%
110 Belgique
88%
83 Suède
88%
93 Suisse
86%
120 Portugal
84%
84 Finlande
83%
155 Grèce
82%
71 Norvège
82%
87 Irlande
81%
58 Pays-Bas
80%
119 Pologne
78%
104 Danemark
77%
171 Ukraine
77%
106 Estonie
76%
94 Hongrie
76%
74 Islande
76%
104 Lituanie
76%
302 Croatie
74%
208 Roumanie
74%
64 Slovaquie
74%
114 Lettonie
73%
89 Slovénie
73%
88 Autriche
72%
97 Bulgarie
72%
298 Albanie
68%
88 Serbie
68%
199 Malte
65%
77 Tchéquie
65%
147 Biélorussie
64%
269 Macédoine
62%
120 Kosovo
59%
247 Bosnie-Herzégovine
58%
77 Moldavie
55%
85 Chypre
51%
Aucun quiz correspondant
Distribution des résultats
% des personnes avec chaque résultat
Percentile par nombre de réponses
Votre historique - résultats
Vous n’avez pas pris ce quiz